Most Populous English Counties - Statistics

General Stats
  • This quiz has been taken 16 times
  • The average score is 15 of 20
Answer Stats
Region Population Counties % Correct
South West England 1.2mil Devon
85%
East of England 1.846mil Essex
85%
South East Englan 1.849mil Kent
85%
North West England 1.508mil Lancashire
85%
North East England | Yorkshire & Humber 1.106mil North Yorkshire
85%
Yorkshire & Humber 1.409ml South Yorkshire
85%
Greater London 8.9mil Greater London
77%
North West England 2.8mil Greater Manchester
77%
South East England 1.86mil Hampshire
77%
East Midlands 1.060mil Leicestershire
77%
North West England 1.429mil Merseyside
77%
East Midlands 1.161mil Nottinghamshire
77%
North East England 1.141mil Tyne and Wear
77%
West Midlands 2.9mil West Midlands
77%
Yorkshire & Humber 2.3mil West Yorkshire
77%
East Midlands 1.093mil Lincolnshire
69%
South East England 1.19mil Surrey
69%
West Midlands 1.135mil Staffordshire
62%
North West England 1.066mil Cheshire
54%
East of England 1.189mil Hertfordshire
54%
No matching quizzes found
Score Distribution
Percent of People with Each Score
Percentile by Number Answered
Your Score History
You have not taken this quiz